American film
"Journal of the film and television arts."
| Previous Title: | Dialogue on film (Center for Advanced Film Studies (American Film Institute)) Hollywood reporter (1930) |
|---|---|
| Corporate Authors: | , |
| Format: | Electronic Journal |
| Language: | English |
| Published: |
Washington, D.C. :
American Film Institute,
©1975-©1991.
Washington, D.C. : American Film Instituteand the AMS Foundation for the Arts, Sciences, and Humanities New York : Billboard Publications New York, NY : BPI Communications |
| Subjects: | |
| Online Access: | Full text available from Research Library: 01/01/1988 to 01/31/1992 |
MARC
| LEADER | 00000nas a2200000 a 4500 | ||
|---|---|---|---|
| 001 | ssj0000639 | ||
| 003 | WaSeSS | ||
| 005 | 20200512172242.0 | ||
| 006 | m d | ||
| 007 | cr n | ||
| 008 | 050614d19751992nyubr p s o 0 0eng c | ||
| 010 | |a 2012263170 | ||
| 022 | |y 0361-4751 | ||
| 035 | |a (WaSeSS)ssj0000639 | ||
| 040 | |a OCLCS |b eng |c OCLCS |d OCLCE |d OCLCQ |d TXA |d OCLCQ |d OCLCF |d OCLCO |d OCLCQ |d CUY |d AU@ |d OCLCO |d OCLCA |d WaSeSS | ||
| 042 | |a pcc |a dlr | ||
| 043 | |a n-us--- | ||
| 050 | 1 | 4 | |a PN1993 |b .A617 |
| 082 | 0 | 4 | |a 791.43/05 |
| 130 | 0 | |a American film (Online) | |
| 245 | 1 | 0 | |a American film |h [electronic resource]. |
| 260 | |3 1975-<Sept. 1985> : |a Washington, D.C. : |b American Film Institute, |c ©1975-©1991. | ||
| 260 | 2 | |3 <Jan. 1986>-Dec. 1987 : |a Washington, D.C. : |b American Film Instituteand the AMS Foundation for the Arts, Sciences, and Humanities | |
| 260 | 2 | |3 <July/Aug. 1989-> : |a New York : |b Billboard Publications | |
| 260 | |3 <Mar. 1990>-Jan./Feb. 1992 : |a New York, NY : |b BPI Communications | ||
| 310 | |a Bimonthly, |b Sept./Oct. 1991-Jan./Feb. 1992 | ||
| 321 | |a Ten no. a year, |b 1975-<1989> | ||
| 321 | |a Monthly, |b <Mar. 1991-> | ||
| 362 | 1 | |a Began with: Vol. 1, no. 1 (Oct. 1975); ceased with: Vol. 17, no. 1 (Jan./Feb. 1992). | |
| 506 | |a License restrictions may limit access. | ||
| 520 | |a "Journal of the film and television arts." | ||
| 538 | |a Master and use copy. Digital master created according to Benchmark for Faithful Digital Reproductions of Monographs and Serials, Version 1. Digital Library Federation, December 2002. |u http://purl.oclc.org/DLF/benchrepro0212 |5 MiAaHDL | ||
| 538 | |a Mode of access: World Wide Web. | ||
| 580 | |a Absorbed: Hollywood reporter magazine, formerly published <Aug. 1987-Mar. 1989> as a monthly issue of: Hollywood reporter. | ||
| 583 | 1 | |a digitized |c 2010 |h HathiTrust Digital Library |l committed to preserve |2 pda |5 MiAaHDL | |
| 588 | |a Description based on: Vol. 1, no. 1 (Oct. 1975); title from cover image (Proquest, viewed Aug. 23, 2012). | ||
| 588 | |a Latest issue consulted: Vol. 17, no. 1 (Jan./Feb. 1992) (Proquest, viewed Aug. 23, 2012). | ||
| 650 | 0 | |a Motion pictures |z United States |v Periodicals. | |
| 650 | 0 | |a Television broadcasting |z United States |v Periodicals. | |
| 650 | 7 | |a Motion pictures. |2 fast |0 (OCoLC)fst01027285 | |
| 650 | 7 | |a Television broadcasting. |2 fast |0 (OCoLC)fst01146714 | |
| 650 | 7 | |a CINE |x PUBLICACIONES PERIODICAS. |2 renib | |
| 650 | 2 | |a Motion Pictures |v Periodicals. | |
| 650 | 2 | |a Motion Pictures. | |
| 650 | 2 | |a Motion Pictures as Topic. | |
| 651 | 7 | |a United States. |2 fast |0 (OCoLC)fst01204155 | |
| 655 | 0 | |a Electronic journals. | |
| 710 | 2 | |a American Film Institute. | |
| 710 | 2 | |a AMS Foundation for the Arts, Sciences, and Humanities. | |
| 776 | 0 | 8 | |i Print version: |t American film |x 0361-4751 |w (DLC) 76640564 |w (OCoLC)2246336 |
| 780 | 0 | 1 | |t Dialogue on film (Center for Advanced Film Studies (American Film Institute)) |
| 780 | 1 | 6 | |t Hollywood reporter (1930) |
| 856 | 4 | 0 | |z Full text available from Research Library: 01/01/1988 to 01/31/1992 |u https://search.proquest.com/publication/49123 |